Vista normal
Vista MARC
Entrada Personal Name
Número de registros utilizados en: 2
001 - CONTROL NUMBER
- control field: 1643
003 - CONTROL NUMBER IDENTIFIER
- control field: OSt
005 - DATE AND TIME OF LATEST TRANSACTION
- control field: 20200317161337.0
008 - FIXED-LENGTH DATA ELEMENTS
- fixed length control field: 200317|| aca||aabn | a|a d
040 ## - CATALOGING SOURCE
- Original cataloging agency: OSt
- Transcribing agency: OSt
100 ## - HEADING--PERSONAL NAME
- Personal name: García Vidal, Jesús,
670 ## - SOURCE DATA FOUND
- Source citation: Work cat.: (OSt): Morata, Mati, autor 1640, Mami, ¿a que María no es tonta? : , [2012]